敦賀駅から乗り換えなしで行ける駅 - Statistics

General Stats
  • This quiz has been taken 38 times
  • The average score is 95 of 146
Answer Stats
Answer % Correct
相生
91%
姫路
91%
播州赤穂
88%
小浜
88%
山科
88%
神戸
88%
明石
88%
西明石
88%
大宮
88%
高崎
88%
大津
88%
京都
88%
高槻
88%
三ノ宮
88%
東京
88%
上野
88%
金沢
88%
福井
88%
長浜
88%
米原
85%
野洲
85%
新大阪
85%
大阪
85%
長野
85%
黒部宇奈月温泉
85%
富山
85%
新高岡
85%
芦原温泉
85%
越前たけふ
85%
彦根
82%
近江八幡
82%
草津
82%
尼崎
82%
芦屋
82%
軽井沢
82%
飯山
82%
上越妙高
82%
糸魚川
82%
小松
82%
東舞鶴
79%
近江塩津
79%
近江今津
79%
加古川
79%
網干
79%
南草津
79%
上田
79%
加賀温泉
79%
堅田
76%
おごと温泉
76%
名古屋
76%
尾張一宮
76%
岐阜
76%
石山
76%
新疋田
76%
マキノ
73%
大津京
73%
大垣
73%
能登川
73%
守山
73%
大聖寺
73%
余呉
70%
西金沢
70%
今庄
70%
武生
70%
越前花堂
70%
比叡山坂本
67%
南今庄
67%
鯖江
67%
西相生
64%
永原
64%
松任
64%
坂越
61%
近江高島
61%
和邇
61%
はりま勝原
61%
竜野
61%
木ノ本
61%
虎姫
61%
坂田
61%
野々市
61%
若狭高浜
58%
近江舞子
58%
英賀保
58%
高月
58%
能美根上
58%
西松任
58%
西敦賀
55%
田村
55%
動橋
55%
南条
55%
北鯖江
55%
新旭
52%
安曇川
52%
王子保
52%
森田
52%
春江
52%
丸岡
52%
牛ノ谷
52%
美浜
48%
志賀
48%
唐崎
48%
北小松
45%
蓬莱
45%
粟津
45%
加賀笠間
45%
細呂木
45%
東小浜
42%
近江中庄
42%
比良
42%
河毛
42%
美川
42%
湯尾
42%
小野
39%
小舞子
39%
上中
36%
明峰
36%
大土呂
33%
三方
30%
若狭本郷
30%
若狭和田
30%
松尾寺
27%
東美浜
24%
若狭有田
24%
加斗
24%
粟野
21%
藤井
21%
新平野
21%
青郷
21%
十村
18%
大鳥羽
18%
勢浜
18%
三松
18%
気山
15%
No matching quizzes found
Score Distribution
Percent of People with Each Score
Percentile by Number Answered
Your Score History
You have not taken this quiz